| Tag |
First Indicator |
Second Indicator |
Subfields |
| LEADER |
00000cam a2200000 4500 |
| 001 |
in00000211971 |
| 005 |
20151009061904.0 |
| 008 |
711105s1971 nyua 00000aeng |
| 010 |
|
|
|a 79162285
|
| 020 |
|
|
|a 0805203222
|c $3.45
|
| 035 |
|
|
|a (OCoLC)00384491
|
| 035 |
|
|
|9 AAX6965AM
|
| 040 |
|
|
|a DLC
|c DLC
|d TXA
|d UtOrBLW
|
| 043 |
|
|
|a n-us-or
|a n-us---
|
| 049 |
|
|
|a TXAM
|c [1145742]
|
| 050 |
0 |
0 |
|a JK1896
|b .D8 1971
|
| 082 |
0 |
|
|a 324/.3/0924
|a B
|
| 100 |
1 |
|
|a Duniway, Abigail Scott,
|d 1834-1915.
|
| 245 |
1 |
0 |
|a Path breaking ;
|b an autobiographical history of the equal suffrage movement in Pacific Coast states /
|c With a new introd. by Eleanor Flexner.
|
| 250 |
|
|
|a 2d ed.
|
| 264 |
|
1 |
|a New York :
|b Schocken Books,
|c [1971]
|
| 300 |
|
|
|a xviii, 297 pages :
|b illustrations ;
|c 21 cm.
|
| 336 |
|
|
|a text
|b txt
|2 rdacontent
|
| 337 |
|
|
|a unmediated
|b n
|2 rdamedia
|
| 338 |
|
|
|a volume
|b nc
|2 rdacarrier
|
| 490 |
1 |
|
|a Studies in the life of women
|
| 490 |
1 |
|
|a A Schocken paperback series
|
| 600 |
1 |
0 |
|a Duniway, Abigail Scott,
|d 1834-1915.
|
| 650 |
|
0 |
|a Women
|x Suffrage
|z Oregon.
|
| 650 |
|
0 |
|a Women
|x Suffrage
|z United States.
|
| 650 |
|
0 |
|a Prohibition.
|
| 830 |
|
0 |
|a Studies in the life of women.
|
| 830 |
|
0 |
|a Schocken paperback series.
|
| 999 |
|
|
|a MARS
|
| 999 |
f |
f |
|s 3f7fdc89-70b2-3eb8-bbeb-53c669bf801c
|i 10ec7568-8a39-3ff0-9a74-2231de09c9f3
|t 0
|
| 952 |
f |
f |
|p ric
|a Texas A&M University
|b Rellis Campus
|c Joint Library Facility
|d Remote Storage
|t 0
|e JK1896 .D8 1971
|h Library of Congress classification
|i unmediated -- volume
|m A14803099356
|
| 998 |
f |
f |
|a JK1896 .D8 1971
|t 0
|l Remote Storage
|